| 000 | 00970pam a2200277 a 4500 | ||
|---|---|---|---|
| 001 | 1998030 | ||
| 003 | ASAB | ||
| 005 | 20180827062824.0 | ||
| 008 | 900306s1991 nyua b 001 0 eng | ||
| 010 | _a 90033629 | ||
| 020 | _a0060423153 | ||
| 040 | _cASAB | ||
| 050 | 0 | 0 |
_aHD30.3 _b.G52 1991 |
| 082 | 0 | 0 |
_a658.45 _220 |
| 100 | 1 |
_aGibson, Jane W. _93645 |
|
| 245 | 1 | 0 |
_aOrganizational communication : _ba managerial perspective / _cJane Whitney Gibson, Richard M. Hodgetts. |
| 250 | _asecond ed. | ||
| 260 |
_aRawalpindi _bPrinted by : S.T Printers Rawalpindi _cc1991. |
||
| 300 |
_a494 p. : _c24 cm. |
||
| 504 | _aIncludes bibliographical references and indexes. | ||
| 650 | 0 |
_aCommunication in management. _93646 |
|
| 650 | 0 |
_aCommunication in organizations. _93647 |
|
| 906 |
_a7 _bcbc _corignew _d1 _eocip _f19 _gy-gencatlg |
||
| 942 |
_2ddc _cBK |
||
| 999 |
_c480767 _d480767 |
||